000 01133cam a2200313 i 4500
999 _c18218
_d18218
001 18218
003 Mx-PuUPA
005 20240410103508.0
008 140415s1974 mx a r 000 0 spa d
020 _a847051038X
040 _aMX-PuUPA
_bspa
_erda
_cMx-PuUPA
_dMx-PuUPA
041 1 _aspa
_heng
100 1 _aThorpe, William Veale,
_eautor
_96764
240 1 0 _aBiochemestry for medical students.
_lEspañol
245 1 0 _aBioquímica /
_cWilliam Veale Thorpe, H. Geoffrey Bray, Sybil P. James ; traducción, Alfonso de Mena Calvet.
250 _aPrimera edición
264 1 _aMéxico, D.F. :
_bCompañía Editorial Continental,
_c1974
300 _a553 páginas :
_bilustraciones ;
_c23 cm.
336 _atexto
_2rdacontent
_btxt
337 _asin medio
_2rdamedia
_bn
338 _avolumen
_2rdacarrier
_bnc
650 4 _aBioquímica
700 1 _aBray, H. Geoggrey,
_eautor
700 1 _aJames, Sybil P.,
_eautor
700 1 _aMena Calvet, Alfonso de,
_etraductor
765 0 8 _aThorpe, William Veale,
_tBiochemestry for medical students.
942 _2ddc
_cLI
_h574.192
_iT445